Priloženija diskretnoj matematiki v kibernetike
Salvato in:
| Natura: | Libro |
|---|---|
| Lingua: | russo |
| Pubblicazione: |
Taškent
Fan
1982
|
| Tags: |
Nessun Tag, puoi essere il primo ad aggiungerne!!
|
MARC
| LEADER | 00000nam a2200000 4500 | ||
|---|---|---|---|
| 001 | c115791 | ||
| 005 | 20260130075743.2 | ||
| 041 | 0 | |a rus | |
| 044 | |a UZ | ||
| 245 | 1 | 0 | |a Priloženija diskretnoj matematiki v kibernetike |c Anvar Vasilovič Kabulov |
| 264 | 1 | |a Taškent |b Fan |c 1982 | |
| 300 | |a 108 s. | ||